[Event "National Chess Day"]
[Site "Boise, ID"]
[Date "2012.10.13"]
[Round "8.3"]
[White "Nahlen, Julie M"]
[Black "Buus, Jarod N"]
[Result "0-1"]
[WhiteElo "748"]
[BlackElo "1109"]

1. e4 c5 2. Nf3 Nc6 3. Bd3 d6 4. O-O g6 5. Nc3 Bg7 6. Bb5 Bd7 7. a4 a6 8. Bc4
Nf6 9. Ng5 O-O 10. Nd5 Nh5 11. c3 e6 12. h4 exd5 13. Bxd5 h6 14. Nf3 Bg4 15.
d3 Bxf3 16. Qxf3 Qxh4 17. g3 Qe7 18. Qh1 Kh8 19. Qh3 f5 20. g4 Nf4 21. Bxf4
Ne5 22. Bxh6 Bxh6 23. Qxh6+ Qh7 24. Qxh7+ Kxh7 25. Kg2 Nxg4 26. Rh1+ Kg7 27.
Rh3 Rab8 28. Rah1 Rh8 29. exf5 Rxh3 30. Rxh3 gxf5 31. Be6 Kf6 32. Bd7 Rd8 33.
Rh7 Ne5 34. Rh6+ Kg5 {Time Forfeit} {#R} 0-1

[Event "WIO (Reserve)"]
[Site "Boise, ID"]
[Date "2012.12.08"]
[Round "1.5"]
[White "Clark, Riley Mae"]
[Black "Buus, Jarod"]
[Result "0-1"]
[WhiteElo "101"]
[BlackElo "1120"]

1. e4 c5 2. d4 cxd4 3. Nf3 Nc6 4. Bd3 g6 5. Qe2 d6 6. O-O Bg4 7. Nbd2 Bg7 8.
c3 dxc3 9. bxc3 Bxc3 10. Rb1 Ne5 11. h3 Be6 12. a3 Nf6 13. Ng5 O-O 14. Bc4
Bxd2 15. Bxe6 Bxg5 16. Bd5 Nxd5 17. exd5 Bxc1 18. Rfxc1 b6 19. Rc2 Rc8 20.
Rbc1 Qd7 21. a4 Rxc2 22. Qxc2 f5 23. f4 Nf7 24. Qc6 Qxc6 25. dxc6 Rc8 26. c7
Kf8 27. g4 fxg4 28. hxg4 Ke8 29. a5 Kd7 30. axb6 axb6 31. Rc4 Rxc7 32. Rb4 Rb7
33. g5 h6 34. gxh6 Nxh6 35. Rb5 Nf5 36. Kg2 Kc6 37. Rb3 b5 38. Kf3 Nd4+ 39.
Kg4 Nxb3 40. Kg5 e5 41. f5 gxf5 42. Kxf5 Nd4+ 43. Kf6 b4 44. Kg5 b3 {#R} 0-1

[Event "Idaho Closed"]
[Site "Twin Falls, ID"]
[Date "2014.02.15"]
[Round "1.11"]
[White "Crowson, Keegan D"]
[Black "Buus, Jarod N"]
[Result "0-1"]
[WhiteElo "521"]
[BlackElo "1365"]
[EventRounds "6"]
[EventCountry "USA"]

1. d4 d5 2. c4 c6 3. Nc3 Nf6 4. Bf4 e6 5. e3 Bd6 6. Nh3 a6 7. Bd3 dxc4 8. Bxc4
b5 9. Bd3 Bb7 10. Ne4 Bb4+ 11. Nd2 c5 12. O-O cxd4 13. e4 Bxd2 14. e5 Bxf4 15.
Nxf4 Nfd7 16. Qg4 g6 17. Ne2 Nxe5 18. Qxd4 Qxd4 19. Nxd4 Nxd3 20. Rad1 Nxb2
21. Rd2 Nc4 22. Re2 Ke7 23. Rfe1 Nc6 24. Nxe6 fxe6 25. Rxe6+ Kd7 26. Rf6 Rhf8
27. Rd1+ Ke7 28. Rxf8 Rxf8 29. f3 Rd8 30. Re1+ Kf6 31. Re4 g5 32. h4 h6 33.
hxg5+ hxg5 34. f4 Kf5 35. Re2 gxf4 36. Rf2 Kg4 37. Kh2 Rh8+ 38. Kg1 Nd4 {#R}
0-1

[Event "Idaho Closed"]
[Site "Twin Falls, ID"]
[Date "2014.02.16"]
[Round "4.5"]
[White "Buus, Jarod N"]
[Black "Imamovic, Nedzad"]
[Result "0-1"]
[WhiteElo "1365"]
[BlackElo "1414"]
[EventRounds "6"]
[EventCountry "USA"]

1. e4 c5 2. Nf3 d6 3. d4 cxd4 4. Nxd4 Nf6 5. Nc3 a6 6. Be3 e5 7. Nb3 Be7 8.
Be2 O-O 9. f3 Be6 10. Qd2 Nc6 11. Nd5 Bxd5 12. exd5 Na7 13. a4 Nc8 14. c4 b6
15. a5 Nd7 16. h4 Bxh4+ 17. Kf1 f5 18. f4 Bg3 19. Rh3 exf4 20. Bxf4 Bxf4 21.
Qxf4 Qf6 22. Nd4 g5 23. Rg3 h6 24. Ne6 Rf7 25. Kf2 Nc5 26. Rh1 Ne4+ 27. Kf1
Nxg3+ 28. Qxg3 bxa5 29. Kf2 Rb8 30. b3 f4 31. Qd3 Ne7 32. Bh5 Rh7 33. Bg4 Qb2+
34. Kg1 Rxb3 {#R} 0-1

[Event "BCC Inaugural"]
[Site "Boise, ID"]
[Date "2014.03.08"]
[Round "1.1"]
[White "Inman, James"]
[Black "Buus, Jarod N"]
[Result "1-0"]
[WhiteElo "1745"]
[BlackElo "1365"]

1. d4 d5 2. Nf3 Nf6 3. c4 c6 4. e3 e6 5. Nc3 Nbd7 6. a3 Be7 7. b4 O-O 8. Bb2
a6 9. Qc2 b5 10. c5 Qc7 11. Bd3 Re8 12. O-O h6 13. Rfe1 Bd8 14. e4 dxe4 15.
Nxe4 Nxe4 16. Rxe4 Nf6 17. Re5 Nd5 18. Rae1 Bf6 19. R5e4 Nf4 20. Ne5 Nxd3 21.
Qxd3 Bd7 22. Bc1 Rad8 23. Bf4 Bg5 24. Bg3 f5 25. Qf3 Rf8 26. Ng6 fxe4 27.
Qxf8+ Rxf8 28. Bxc7 Rf7 29. Rxe4 Bc1 30. Ne5 Rf4 31. Re1 Bd2 32. Nxd7 Rxd4 33.
Rd1 Rxd7 34. Bf4 {#r} 1-0

[Event "BCC Inaugural"]
[Site "Boise, ID"]
[Date "2014.03.08"]
[Round "2.4"]
[White "Hill, Elijah Andrew"]
[Black "Buus, Jarod N"]
[Result "0-1"]
[WhiteElo "1126"]
[BlackElo "1365"]

1. d4 d5 2. c4 c6 3. Nf3 Nf6 4. Nc3 e6 5. Bg5 dxc4 6. e4 h6 7. Bxf6 Qxf6 8.
Bxc4 b5 9. Bd3 a6 10. e5 Qd8 11. O-O Bb7 12. Be4 Be7 13. Rc1 Nd7 14. Ne2 Rc8
15. Qd3 O-O 16. Ng3 f5 17. exf6 Nxf6 18. Rfe1 Nxe4 19. Qxe4 Qd7 20. Qxe6+ Qxe6
21. Rxe6 Bf6 22. Nf5 Rc7 23. b3 Bc8 24. Rexc6 Rxc6 25. Rxc6 Bxf5 26. Rxa6 Rc8
27. h3 Be4 28. Nd2 Bd3 29. Nf3 Rd8 30. Re6 Bxd4 31. Nxd4 Rxd4 32. Re1 b4 33.
Rd1 Kf7 34. f3 Rd7 35. Kf2 Bb5 36. Rxd7+ Bxd7 37. Ke3 Bf5 38. Kd4 Bb1 39. Kc4
Bxa2 40. Kxb4 Kf6 41. Kc3 Ke5 42. Kb2 Bxb3 43. Kxb3 Kf4 44. Kc4 Kg3 45. Kd4
Kxg2 46. Ke4 Kxh3 47. Kf4 h5 48. Kg5 h4 49. Kg6 Kg3 50. Kxg7 Kxf3 {#R} 0-1

[Event "BCC #2"]
[Site "Boise, ID"]
[Date "2014.04.12"]
[Round "2.3"]
[White "Buus, Jarod N"]
[Black "Tatom, Gene"]
[Result "1-0"]
[WhiteElo "1449"]
[BlackElo "1617"]

1. e4 c5 2. Nf3 g6 3. d4 cxd4 4. Nxd4 Bg7 5. Be3 Nc6 6. Bc4 Nf6 7. Nc3 a6 8.
Nxc6 bxc6 9. f3 Bb7 10. Qd2 d5 11. exd5 cxd5 12. Bb3 O-O 13. Bh6 e6 14. Bxg7
Kxg7 15. O-O-O Nd7 16. h4 h5 17. g4 hxg4 18. Qd4+ Qf6 19. fxg4 Qxd4 20. Rxd4
Rab8 21. Rf1 Nc5 22. Rdf4 Nxb3+ 23. axb3 e5 24. Rf6 d4 25. Na4 e4 26. Nc5 Bd5
27. Nd7 e3 28. Nxf8 Rxf8 29. Rd6 Be6 30. Rxd4 Rc8 31. c4 a5 32. Re1 a4 33.
Rxe3 axb3 34. Ree4 Rh8 35. g5 Rc8 36. Kd2 Bf5 37. Re5 Bc2 38. c5 Rc7 39. Rd6
Ra7 40. Re8 Ra1 41. Kc3 Ra4 42. Rd4 Ra5 43. c6 {#r} 1-0

[Event "BCC #2"]
[Site "Boise, ID"]
[Date "2014.04.12"]
[Round "4.2"]
[White "Buus, Jarod N"]
[Black "Olsoy, Peter John"]
[Result "0-1"]
[WhiteElo "1494"]
[BlackElo "1763"]

1. e4 e5 2. Nf3 Nc6 3. Bb5 a6 4. Ba4 Nf6 5. O-O b5 6. Bb3 Bc5 7. Re1 d6 8. h3
O-O 9. c3 Be6 10. Bc2 Bb6 11. d4 exd4 12. cxd4 d5 13. Bg5 h6 14. Bh4 Ne7 15.
Bxf6 gxf6 16. Nh4 Qd6 17. e5 fxe5 18. dxe5 Qc5 19. Re3 Qd4 20. Qh5 Qf4 21.
Rg3+ Qxg3 22. Qxh6 Qxf2+ 23. Kh2 Qg1+ 24. Kg3 Qe1+ {#R} 0-1

[Event "BCC #4"]
[Site "Boise, ID"]
[Date "2014.09.06"]
[Round "4.3"]
[White "Buus, Jarod N"]
[Black "Batten, Jesse"]
[Result "1-0"]
[WhiteElo "1518"]
[BlackElo "1136"]
[EventRounds "4"]
[EventCountry "USA"]

1. e4 e5 2. f4 d6 3. Bc4 Nh6 4. Nf3 Nc6 5. O-O Bg4 6. Nc3 Nd4 7. fxe5 dxe5 8.
d3 Bc5 9. Kh1 Qf6 10. Bxh6 O-O-O 11. Bg5 Bxf3 12. Bxf6 Bxd1 13. Bxd8 Bg4 14.
Bh4 Nxc2 15. Rac1 Ne3 16. Rxf7 Nxc4 17. Nd5 b5 18. Rxc7+ Kb8 19. Rxc5 Rc8 20.
Rxb5+ Nb6 21. Rxc8+ Bxc8 22. Nxb6 axb6 23. Rxb6+ Ka7 24. Rb5 Bd7 25. Rxe5 Bb5
26. d4 h6 27. Rxb5 Ka6 28. a4 g5 29. d5 gxh4 30. d6 h3 31. d7 hxg2+ 32. Kg1 h5
33. d8=R Ka7 34. Rdb8 h4 35. a5 h3 36. a6 Kxa6 37. Rb3 Ka7 38. R8b4 Ka6 39.
Ra3# 1-0

[Event "BCC #5"]
[Site "Boise, ID"]
[Date "2014.11.22"]
[Round "1.3"]
[White "Buus, Jarod N"]
[Black "Hill, Elijah Andrew"]
[Result "1-0"]
[WhiteElo "1633"]
[BlackElo "1371"]
[EventRounds "4"]
[EventCountry "USA"]

1. e4 c5 2. Nf3 Nc6 3. d4 cxd4 4. Nxd4 e5 5. Nb5 Nf6 6. Bg5 d6 7. N1c3 a6 8.
Bxf6 gxf6 9. Na3 Be6 10. Bc4 Qd7 11. Nd5 Bxd5 12. Bxd5 O-O-O 13. Nc4 Kc7 14.
Qf3 Nd4 15. Qc3 Rc8 16. Nxe5+ Kd8 17. Nxd7 Rxc3 18. bxc3 Nxc2+ 19. Kd2 Nxa1
20. Nxf6 Bh6+ 21. Kd3 Ke7 22. Ng4 Bg7 23. Rxa1 Rg8 24. Ne3 Be5 25. h3 Rc8 26.
Rc1 b5 27. Bb7 Rc7 28. Bxa6 Ra7 29. Nd5+ Kd7 30. Bxb5+ Kd8 31. a4 Rb7 32. c4
Kc8 33. a5 Kb8 34. a6 Ra7 35. c5 dxc5 36. Rxc5 Rd7 37. Bxd7 {#r} 1-0

[Event "Western Idaho Open"]
[Site "Boise, ID"]
[Date "2014.12.13"]
[Round "1.108"]
[White "Buus, Jarod N"]
[Black "Faulkner, Graeme K"]
[Result "1-0"]
[WhiteElo "1671"]
[BlackElo "1329"]
[EventRounds "5"]
[EventCountry "USA"]

1. e4 e5 2. f4 Nc6 3. Nf3 exf4 4. Bc4 d6 5. d4 a6 6. Bxf4 Bg4 7. O-O Qd7 8.
Nc3 O-O-O 9. a3 h6 10. b4 g5 11. Be3 Nb8 12. b5 a5 13. Nd5 b6 14. Qd3 f5 15.
Qc3 Kb7 16. exf5 Bxf5 17. Rf2 Bg7 18. Raf1 Ne7 19. Nxg5 hxg5 20. Nxe7 Qxe7 21.
Rxf5 Bh6 22. Bd5+ Kc8 23. Rf7 Rhe8 24. Rxe7 Rxe7 25. Rf7 Rde8 26. Rxe7 Rxe7
27. Bxg5 Bxg5 28. Qh3+ Kd8 29. Qf5 Be3+ 30. Kf1 Bxd4 31. Bb7 Nd7 32. Bc6 Bg7
33. Bxd7 Rxd7 34. h4 Ke8 35. Qg6+ Rf7+ 36. Kg1 Kf8 37. Kh2 Rf6 38. Qg5 Kg8 39.
h5 Kh7 40. g4 Rf7 41. Qg6+ Kg8 42. h6 Kh8 43. Qxf7 {#r} 1-0

[Event "Western Idaho Open"]
[Site "Boise, ID"]
[Date "2014.12.14"]
[Round "5.104"]
[White "Bowden, Dale R"]
[Black "Buus, Jarod N"]
[Result "1-0"]
[WhiteElo "1621"]
[BlackElo "1671"]
[EventRounds "5"]
[EventCountry "USA"]

1. c4 c5 2. g3 Nc6 3. Bg2 d6 4. Nc3 g6 5. d3 e5 6. e4 Nge7 7. Nge2 Bg7 8. O-O
O-O 9. Rb1 f5 10. f4 Be6 11. a3 Qd7 12. Nd5 Bxd5 13. cxd5 Nd4 14. Nxd4 exd4
15. b3 Rae8 16. Bb2 Kh8 17. Ba1 Ng8 18. Re1 Nf6 19. h3 Re7 20. Rb2 Rfe8 21.
Rbe2 b5 22. Qc2 a5 23. Kh2 Rc8 24. Qd2 a4 25. b4 Rce8 26. Qa2 Qc7 27. bxc5
fxe4 28. cxd6 Qxd6 29. dxe4 Qb6 30. e5 Nd7 31. Qd2 Nxe5 32. fxe5 {#r} 1-0

[Event "BCC #7"]
[Site "?"]
[Date "2015.05.30"]
[Round "1.4"]
[White "Buus, Jarod N"]
[Black "White, Matthew William"]
[Result "1-0"]
[WhiteElo "1669"]
[BlackElo "1077"]

1. e4 e5 2. f4 exf4 3. Nf3 Nc6 4. Bc4 d6 5. O-O Be6 6. Qe2 Qe7 7. d4 Bxc4 8.
Qxc4 Qxe4 9. Re1 Qxe1+ 10. Nxe1 O-O-O 11. Bxf4 d5 12. Qd3 f6 13. Nc3 a6 14.
Nf3 h6 15. Qf5+ Kb8 16. Nxd5 Bd6 17. Rf1 Nge7 18. Nxe7 Nxe7 19. Qe4 Bxf4 20.
Qxf4 Nc6 21. c3 Rhf8 22. h4 g5 23. hxg5 fxg5 24. Qg3 Rg8 25. Ne5 Nxe5 26. dxe5
Rd2 27. e6 Kc8 28. Qe3 Rxb2 29. Qa7 c6 30. Qa8+ Kc7 31. Qxg8 Rxa2 32. e7 Ra3
33. Qd8# 1-0

[Event "Idaho Closed"]
[Site "Twin Falls, ID"]
[Date "2015.02.15"]
[Round "4.6"]
[White "Buus, Jarod N"]
[Black "Bowden, Dale R"]
[Result "1-0"]
[WhiteElo "1656"]
[BlackElo "1613"]
[EventRounds "6"]
[EventCountry "USA"]

1. e4 c6 2. d4 d5 3. exd5 cxd5 4. c4 Nf6 5. Nc3 Nc6 6. Nf3 e6 7. cxd5 exd5 8.
Bd3 Be7 9. O-O O-O 10. a3 a6 11. Qc2 h6 12. h3 b5 13. Nxb5 Qb6 14. Nc3 Bb7 15.
b4 Rfc8 16. Na4 Qa7 17. Nc5 Nd8 18. Nh4 Ne6 19. Nf5 Bf8 20. Bb2 Nf4 21. Rfe1
Nxd3 22. Qxd3 Re8 23. f3 Qb6 24. Bc3 Bc6 25. Qd2 Kh7 26. Rxe8 Nxe8 27. Re1 Nd6
28. Qc2 g6 29. Nxd6 Bxd6 30. Bd2 Qc7 31. Qd3 Bb5 32. Qe3 g5 33. Qc3 Bg3 34.
Re3 Bf4 35. Qc2+ Kg7 36. Re6 Bd6 37. Rg6+ {#r} 1-0

[Event "BCC #8"]
[Site "Boise, ID"]
[Date "2015.07.25"]
[Round "1.4"]
[White "Buus, Jarod N"]
[Black "Siek, Justin"]
[Result "1-0"]
[WhiteElo "1727"]
[BlackElo "1172"]
[EventRounds "4"]
[EventCountry "USA"]

1. e4 e5 2. f4 exf4 3. Nf3 d6 4. Bc4 g5 5. h4 g4 6. Ng5 Nh6 7. d4 Qf6 8. O-O
f3 9. gxf3 gxf3 10. Rxf3 Bg4 11. Rxf6 Bxd1 12. Nc3 Bh5 13. Nd5 Kd8 14. Nf4 Bg7
15. Nxh5 Bxf6 16. Nxf6 Ke7 17. Ngxh7 Nd7 18. Bg5 Nxf6 19. Bxf6+ Kd7 20. Bxh8
Rxh8 21. Nf6+ Ke7 22. e5 dxe5 23. dxe5 Nf5 24. h5 Ne3 25. Bb3 Rh6 26. Ng8+ Kd7
27. Nxh6 {#r} 1-0

[Event "BCC #10"]
[Site "Boise, ID"]
[Date "2015.09.26"]
[Round "2.5"]
[White "Siek, Justin"]
[Black "Buus, Jarod N"]
[Result "0-1"]
[WhiteElo "1161"]
[BlackElo "1723"]
[EventRounds "4"]
[EventCountry "USA"]

1. e4 c5 2. Nf3 d6 3. d4 cxd4 4. Nxd4 Nf6 5. Nc3 a6 6. Be3 e6 7. f3 Nc6 8. Qd2
Qc7 9. O-O-O Be7 10. g4 Nxd4 11. Bxd4 b5 12. h4 b4 13. Ne2 e5 14. Be3 Be6 15.
Kb1 O-O 16. h5 Rfc8 17. g5 Nd7 18. g6 Nb6 19. h6 gxh6 20. gxh7+ Kh8 21. Rxh6
Nc4 22. Qd3 Nxe3 23. Rc1 Bg5 24. Rh5 f6 25. Bh3 Bc4 26. Qd2 Nf1 27. Qd1 Bxa2+
28. Ka1 Qa5 29. c3 Bb3+ 30. Kb1 Qa2# 0-1

[Event "BCC #10"]
[Site "Boise, ID"]
[Date "2015.09.26"]
[Round "4.2"]
[White "Buus, Jarod N"]
[Black "Hawkins, Nicholas B"]
[Result "0-1"]
[WhiteElo "1723"]
[BlackElo "1543"]
[EventRounds "4"]
[EventCountry "USA"]

1. e4 e6 2. d4 d5 3. Nc3 Bb4 4. e5 b6 5. a3 Bxc3+ 6. bxc3 Ne7 7. Bd3 Ba6 8.
Bxa6 Nxa6 9. Qd3 Qc8 10. Bg5 h6 11. Bxe7 Kxe7 12. Nf3 c5 13. h4 Nb8 14. dxc5
Qxc5 15. Nd4 Rc8 16. Rh3 Nc6 17. Nb3 Qc4 18. Qg3 Qe4+ 19. Qe3 Nxe5 20. Qxe4
dxe4 21. O-O-O Nc4 22. a4 Rd8 23. Nd4 Rac8 24. g4 g6 25. g5 hxg5 26. hxg5 e5
27. Nb3 Rxd1+ 28. Kxd1 Nb2+ 29. Ke2 Nxa4 30. Re3 Rxc3 31. Rxe4 Rxc2+ 32. Kd3
Nc5+ {#R} 0-1

[Event "2015 BCC #11"]
[Site "Boise, ID"]
[Date "2015.10.24"]
[Round "1.3"]
[White "Sanderson, Kenneth"]
[Black "Buus, Jarod N"]
[Result "0-1"]
[WhiteElo "1438"]
[BlackElo "1747"]
[EventRounds "4"]
[EventCountry "USA"]

1. e4 c5 2. Nc3 a6 3. Nf3 b5 4. a3 Bb7 5. d4 cxd4 6. Nxd4 e6 7. Bd3 Nf6 8. Bg5
d6 9. O-O Be7 10. Re1 Qc7 11. Qd2 Nbd7 12. Be3 O-O 13. h3 Nc5 14. Bg5 Rfe8 15.
Nf3 Ncd7 16. Rac1 Rad8 17. b3 Rc8 18. Na2 Ne5 19. Nxe5 dxe5 20. Bxf6 Bxf6 21.
Qe2 Qe7 22. b4 Bg5 23. Rcd1 Red8 24. c4 bxc4 25. Bxc4 a5 26. Rxd8+ Rxd8 27.
Rd1 Rxd1+ 28. Qxd1 axb4 29. axb4 Bxe4 30. b5 Qc7 31. Qe2 Bd5 32. Bd3 Qa5 33.
Bb1 Bf6 34. Qc2 g6 35. Qc8+ Kg7 36. Nc3 Qa1 37. b6 e4 38. Nxd5 Qxb1+ 39. Kh2
exd5 40. Qc7 Qb2 41. Kg1 Be5 {#R} 0-1

[Event "2015 BCC #11"]
[Site "Boise, ID"]
[Date "2015.10.24"]
[Round "3.3"]
[White "White, Matthew William"]
[Black "Buus, Jarod N"]
[Result "0-1"]
[WhiteElo "1067"]
[BlackElo "1747"]
[EventRounds "4"]
[EventCountry "USA"]

1. e4 c5 2. d4 cxd4 3. Nf3 e5 4. Nxe5 Qa5+ 5. c3 Qxe5 6. Bd3 dxc3 7. Nxc3 Bb4
8. Bd2 Nf6 9. O-O Nc6 10. Qe1 O-O 11. a3 Ba5 12. f4 Qd4+ 13. Qe3 Bb6 14. Qxd4
Bxd4+ 15. Kh1 Ng4 16. Be1 d6 17. Rd1 Ne3 18. Bf2 Nxf1 19. Rxf1 f5 20. Nb5 Bxf2
21. Rxf2 Be6 22. Nc7 Rae8 23. Nxe6 Rxe6 24. Bc4 Nd8 25. Rd2 Kh8 26. Bxe6 Nxe6
27. Rxd6 Rd8 28. e5 Kg8 29. g4 Rxd6 30. exd6 fxg4 31. Kg2 Kf7 32. Kg3 h5 33.
Kh4 g6 34. Kg3 Ke8 35. h3 gxh3 36. Kxh3 Nxf4+ 37. Kh4 Ne6 {#R} 0-1

[Event "BCC #12"]
[Site "Boise, ID"]
[Date "2015.12.05"]
[Round "1.3"]
[White "Buus, Jarod N"]
[Black "Siek, Justin"]
[Result "1-0"]
[WhiteElo "1710"]
[BlackElo "1270"]

1. e4 e5 2. Nf3 Nc6 3. Bb5 a6 4. Ba4 b5 5. Bb3 Bc5 6. Nxe5 Bxf2+ 7. Kxf2 Nxe5
8. Rf1 Qh4+ 9. Kg1 Qxe4 10. Nc3 Qd4+ 11. Kh1 Nf6 12. d3 O-O 13. Qe2 Re8 14.
Be3 Qh4 15. Rf4 Qh6 16. Raf1 Neg4 17. Rxg4 Rxe3 18. Qf2 Qxh2+ 19. Kxh2 Nxg4+
20. Kg1 Nxf2 21. Kxf2 Re5 22. Kg3 Bb7 23. Rxf7 Rg5+ 24. Kh4 Rxg2 25. Rxd7+ Kf8
26. Rxc7 Bf3 27. Rf7+ Ke8 28. Rxf3 Rd8 29. Kh3 Rg5 30. Ne4 Rg1 31. Kh2 Rg4 32.
Rf1 {#r} 1-0

[Event "BCC #12"]
[Site "Boise, ID"]
[Date "2015.12.05"]
[Round "2.1"]
[White "Reynolds, Jeff B"]
[Black "Buus, Jarod N"]
[Result "0-1"]
[WhiteElo "1526"]
[BlackElo "1710"]

1. f4 c5 2. Nf3 d6 3. b3 Nf6 4. Bb2 e6 5. e3 a6 6. Be2 Nc6 7. O-O Be7 8. a3 b5
9. Nc3 Bb7 10. Kh1 O-O 11. Qe1 b4 12. Nb1 d5 13. Ne5 Nd7 14. Nxc6 Bxc6 15. a4
Bf6 16. Bxf6 Qxf6 17. c3 d4 18. Bf3 Rfc8 19. Ra2 Rab8 20. c4 d3 21. Bxc6 Rxc6
22. Rf3 Rd8 23. Qf1 Nf8 24. Qf2 Ng6 25. Qg3 h5 26. Qg5 Qxg5 27. fxg5 Ne5 28.
Rf2 Kh7 29. e4 Rd4 30. Rf4 Kg6 31. h4 Ng4 32. Kg1 e5 33. Rf3 Rcd6 34. Na3 bxa3
35. Rxa3 a5 36. Ra1 Rxe4 37. Rc1 Re2 38. Rd1 e4 {#R} 0-1

[Event "Idaho Closed"]
[Site "Twin Falls, ID"]
[Date "2016.02.13"]
[Round "1.10"]
[White "Orr, Kyle"]
[Black "Buus, Jarod N"]
[Result "0-1"]
[WhiteElo "1054"]
[BlackElo "1720"]
[EventRounds "6"]
[EventCountry "USA"]

1. e4 c5 2. Nf3 d6 3. d4 cxd4 4. Nxd4 Nf6 5. Nc3 a6 6. Be2 e6 7. O-O Be7 8.
Re1 Qc7 9. Bh5 O-O 10. Qe2 Nbd7 11. Bg5 Qc5 12. Bxf6 Nxf6 13. e5 Nxh5 14. Qxh5
Qxd4 15. exd6 Qxd6 16. Rad1 Qc7 17. Ne4 b5 18. c3 Bb7 19. Ng5 Bxg5 20. Qxg5
Rad8 21. h3 Rxd1 22. Rxd1 f6 23. Qg4 Qc4 24. Qxc4 bxc4 25. Rd7 Rb8 26. Rc7 Bd5
27. Ra7 Rb6 28. a4 Bb7 29. Kf1 Rxb2 30. f3 Kf8 31. Ke1 Ke8 32. Kd1 Kd8 33. Kc1
Rb3 34. Kc2 Kc8 {#R} 0-1

[Event "Idaho Closed"]
[Site "Twin Falls, ID"]
[Date "2016.02.13"]
[Round "2.7"]
[White "Buus, Jarod N"]
[Black "Reid, Clinton Morris"]
[Result "1-0"]
[WhiteElo "1720"]
[BlackElo "1518"]
[EventRounds "6"]
[EventCountry "USA"]

1. e4 e6 2. d4 d5 3. Nd2 c5 4. Ngf3 Nf6 5. e5 Nfd7 6. c3 Nc6 7. Bd3 Be7 8. Nf1
f6 9. exf6 Nxf6 10. Ng3 cxd4 11. cxd4 Qb6 12. O-O Bd6 13. Re1 O-O 14. a3 Bxg3
15. hxg3 e5 16. dxe5 Ng4 17. Qc2 Nd4 18. Nxd4 Qxd4 19. Be3 Qxe5 20. Bc5 Qh5
21. Bxf8 Bd7 22. Be7 Qh2+ 23. Kf1 Re8 24. Qc5 Qh1+ 25. Ke2 Qxg2 26. Rf1 Ne5
27. Kd2 Nf3+ 28. Ke2 Ne5 29. Kd2 Nf3+ 30. Ke3 Ne5 31. Kd2 d4 32. Qxe5 Rc8 33.
Qe4 Qxe4 34. Bxe4 Re8 35. Bd5+ Kh8 36. Rae1 Bb5 37. Rh1 h6 38. Bc5 Rd8 39. Re5
d3 40. Bd4 Rc8 41. Re8+ Rxe8 42. Rxh6# 1-0

[Event "Idaho Closed"]
[Site "Twin Falls, ID"]
[Date "2016.02.15"]
[Round "6.2"]
[White "Hawkins, Nicholas B"]
[Black "Buus, Jarod N"]
[Result "1-0"]
[WhiteElo "1749"]
[BlackElo "1720"]
[EventRounds "6"]
[EventCountry "USA"]

1. e4 c5 2. Nf3 e6 3. d4 cxd4 4. Nxd4 Nf6 5. Nc3 Bb4 6. Ndb5 Nxe4 7. Qd4 Nxc3
8. Qxb4 Nxb5 9. Bxb5 Nc6 10. Bxc6 bxc6 11. Bf4 a5 12. Qa3 f6 13. Bd6 Ba6 14.
Qg3 Kf7 15. Bc7 Qc8 16. Qd6 Ra7 17. Bxa5 Qb8 18. Bb4 Qxd6 19. Bxd6 e5 20. b3
Ke6 21. Bc5 Rb7 22. O-O-O d5 23. Rhe1 Rb5 24. b4 Rb7 25. Re3 Ra8 26. a4 Bc4
27. a5 e4 28. Ra3 f5 29. Kb2 g5 30. Kc3 f4 31. Kd4 g4 32. Rc3 Bb5 33. Re1 Kf5
34. g3 h5 35. Bd6 fxg3 36. hxg3 Ke6 37. Bc5 Rf7 38. Ke3 Rf3+ 39. Kd2 Rf5 40.
Ra3 Ba6 41. Rh1 Ke5 42. c3 Rh8 43. Bd4+ Ke6 44. Bxh8 Rxf2+ 45. Ke1 Re2+ 46.
Kd1 Rg2 47. c4 Rb2 {#r} 1-0